00926nam a2200265 a 450000100060000000300080000600500170001400800410003102000250007203500190009704000270011604100080014308200280015110000280017924500890020725000120029626000520030830000360036049000690039650400510046565000230051670000300053970000220056983000690059156666BD-RjUL20211209080424.0161203s2010 nyua b 001 0 eng  a9780123748577 (pbk.) a(BD-RjUL)56790 aDLCcDLCdBD-RjULbeng aeng00a025.00285223bWIH 20101 aWitten, I. H.q(Ian H.)10aHow to build a digital library /cIan H. Witten, David Bainbridge, David M. Nichols. a2nd ed. aNew York :bMorgan Kaufmann Publishers,cc2010. axxiii, 629 p. :bill. ;c24 cm.0 aThe Morgan Kaufmann series in multimedia information and systems aIncludes bibliographical references and index. 0aDigital libraries.1 aBainbridge, David,d1969-1 aNichols, David M. aThe Morgan Kaufmann series in multimedia information and systems